Tržnica Mercatus v Trenčíne

Guardado en:
Detalles Bibliográficos
Autor principal: Markusek, Michal (Autor)
Otros Autores: Nahálka, Pavel (Orientador)
Formato: Manuscrito Libro
Lenguaje:eslovaco
Publicado: Bratislava 2017
Materias:
Acceso en línea:http://is.stuba.sk/zp/portal_zp.pl?podrobnosti=112308
Etiquetas: Agregar Etiqueta
Sin Etiquetas, Sea el primero en etiquetar este registro!

MARC

LEADER 00000ntm a22000003a 4500
001 stuzp63460
003 SK-STU
005 20210210090650.4
007 ta
008 150427s2015----xo-----f-mn---000-0-slo-d
040 |a STU  |b slo 
041 0 |a slo 
100 1 |a Markusek, Michal  |u 058180  |4 aut  |U FAD Fakulta architektúry  |T FA Ústav architektúry občianskych budov  |X 68117  |U A8180  |Y 399  |7 A000068117 
242 0 1 |a Markt Mercatus in Trenčín  |y eng 
245 1 0 |a Tržnica Mercatus v Trenčíne 
260 |c 2017  |a Bratislava 
650 4 |a Trenčín  |2 slo 
650 4 |a Virentia  |2 slo 
650 4 |a Tržnica  |2 slo 
650 4 |a Market  |2 eng 
650 4 |a Trenčin  |2 eng 
650 4 |a Virentia  |2 eng 
700 1 |a Nahálka, Pavel  |u 058180  |k Z1  |4 ths  |U FAD Fakulta architektúry  |T FA Ústav architektúry občianskych budov  |X 450  |U A8180  |Y 399  |7 A000000450 
856 4 |u http://is.stuba.sk/zp/portal_zp.pl?podrobnosti=112308  |u https://opac.crzp.sk/?fn=detailBiblioForm&sid=E7FF18FD4FFD5019D8FEED3CC38C